书目信息 |
| 题名: |
国产收录机维修手册
|
|
| 作者: | 英寿孙 , 严毅 , 王德声 , 白为民 编 | |
| 分册: | 第一集 | |
| 出版信息: | 北京 电子工业出版社 1985 |
|
| 页数: | 160页 | |
| 开本: | 26cm | |
| 丛书名: | ||
| 单 册: | ||
| 中图分类: | TN912.22 , TN646-62 | |
| 科图分类: | ||
| 主题词: | 收录两用机--维修--手册 , 电声器件 | |
| 电子资源: | ||
| ISBN: | ||
| 000 | 00800nam0 2200289 45 | |
| 001 | 0185020628 | |
| 005 | 20061124091953.03 | |
| 010 | @dCNY5.60 | |
| 091 | @aCN@b15290.128 | |
| 100 | @a19900921d1985 em y0chiy0121 ea | |
| 101 | 0 | @achi |
| 102 | @aCN@b110000 | |
| 105 | @ay z 000yy | |
| 200 | 10 | @a国产收录机维修手册@Aguo chan shou lu ji wei xiu shou ce@h第一集@f英寿孙等编 |
| 210 | @a北京@c电子工业出版社@d1985 | |
| 215 | @a160页@d26cm | |
| 606 | @a收录两用机@x维修@x手册 | |
| 606 | 0 | @a电声器件 |
| 690 | @aTN912.22@v3 | |
| 690 | @aTN646-62@v3 | |
| 701 | 0 | @a英寿孙@Aying shou sun@4编 |
| 701 | 0 | @a严毅@Ayan yi@4编 |
| 701 | 0 | @a王德声@Awang de sheng@4编 |
| 701 | 0 | @a白为民@Abai wei min@4编 |
| 801 | 2 | @aCN@bNLC@c20061124 |
| 801 | 0 | @aCN@bTSSF |
| 905 | @a10447@dTN646-62@e37 | |
| 国产收录机维修手册.第一集/英寿孙等编.-北京:电子工业出版社,1985 |
| 160页;26cm |
| ISBN :CNY5.60 |
| ● |
| 相关链接 |
|
|
|
|
正题名:国产收录机维修手册
索取号:TN646-62/37
 
预约/预借
| 序号 | 登录号 | 条形码 | 馆藏地/架位号 | 状态 | 备注 |
| 1 | 0151373 | 001326791 | 第二样本阅览室/ [索取号:TN646-62/37] | 在馆 |